| 000 | 00332 a2200121 4500 | ||
|---|---|---|---|
| 001 | 92360 | ||
| 082 | _aPR 2565 | ||
| 090 |
_c44329 _d44330 |
||
| 100 | _aFahad, Prof Nadeem and Shoaib Arif (Advisors) | ||
| 245 |
_aDesign and Analysis of a Piezoelectric Windmill _n79 'A' EC |
||
| 260 |
_aIslamabad _bNUST _c2015 |
||
| 300 | _axiii,85p. | ||
| 942 |
_aCAE NUST _kPR 2565 |
||
| 999 |
_c327433 _d327433 |
||